000 00779nam a2200229Ii 4500
003 JO-AjNU
008 230605s9999||||xx |||||||||||||| ||und||
017 _a2009/12/5253
020 _a978-9957-07--744-0
040 _aJO-AjNU
_bara
_erda
_cJO-AjNU
041 _aara
050 1 4 _aRC570.T3912 2010
100 3 _aقاسم ، مصطفى محمد,
_eauthor
_942929
245 0 0 _aالاعاقةالعقلية الماضي-الحاضر-المستقبل
250 _aط1
264 3 1 _aعمان:دار الفكر للنشر ، 2010
300 _a565ص
336 _atext
_btxt
_2rdacontent
337 _aunmediated
_bn
_2rdamedia
338 _avolume
_bnc
_2rdacarrier
650 4 _aالتعليم الخاص - صعوبات التعلم -الاعاقة العقلية
_942930
999 _aA18418
_c21986
_d21986